Informes que la Asociación General de Ganaderos eleva a la Comisión de Agricultura del Congreso de los Diputados sobre la reforma agraria y rescate de bienes. (Record no. 82519)

MARC details
000 -LEADER
campo de control de longitud fija 00617nam a2200169 i 4500
001 - NÚMERO DE CONTROL
campo de control 82519
003 - IDENTIFICADOR DE NÚMERO DE CONTROL
campo de control ES-MaACL
005 - FECHA Y HORA DE LA ÚLTIMA TRANSACCIÓN
campo de control 20230906174703.0
007 - CAMPO FIJO DE DESCRIPCIÓN FÍSICA--INFORMACIÓN GENERAL
campo de control de longitud fija t|
008 - DATOS DE LONGITUD FIJA--INFORMACIÓN GENERAL
campo de control de longitud fija 041110s1936 sp ||||1| spa d
110 2# - ENTRADA PRINCIPAL--NOMBRE DE ENTIDAD CORPORATIVA
Nombre de entidad corporativa o nombre de jurisdicción como elemento de entrada Asociación General de Ganaderos (España)
9 (RLIN) 1713
245 10 - MENCIÓN DEL TÍTULO
Título Informes que la Asociación General de Ganaderos eleva a la Comisión de Agricultura del Congreso de los Diputados sobre la reforma agraria y rescate de bienes.
260 ## - PUBLICACIÓN, DISTRIBUCIÓN, ETC.
Lugar de publicación, distribución, etc. Madrid :
Nombre del editor, distribuidor, etc. Ernesto Giménez,
Fecha de publicación, distribución, etc. 1936.
300 ## - DESCRIPCIÓN FÍSICA
Extensión 14 p. ;
Dimensiones 21 cm.
650 ## - PUNTO DE ACCESO ADICIONAL DE MATERIA--TÉRMINO DE MATERIA
Término de materia o nombre geográfico como elemento de entrada Reforma agraria-
Subdivisión geográfica España-
Subdivisión cronológica 1931-1939.
9 (RLIN) 16720
852 ## - LOCALIZACIÓN
Ubicación ES-MaACL
Número de control de estantería 1823-F-18
Holdings
Estatus retirado Estado de pérdida Estado de daño No para préstamo Colección Biblioteca de origen Biblioteca actual Ubicación en estantería Fecha de adquisición Fuente de adquisición Total de préstamos Signatura topográfica completa Código de barras Visto por última vez Precio de reemplazo Tipo de ítem Koha
        Colección de folletos Biblioteca del Ateneo de Madrid Biblioteca del Ateneo de Madrid Depósito folletos 17/01/2008     1823-F-18 1086237 23/02/2023 23/02/2023 Folleto